000 00565nam a2200229Ia 4500
003 OSt
005 20220924145656.0
006 a|||||r|||| 00| 0
007 ta
008 220923b |||||||| |||| 00| 0 tel d
024 _a329783
037 _cTextual
040 _aARTS
_cARTS
_btel
041 _2tel
_atel
082 _aO15,1A1, 35N2.1-.4
100 _aRao
245 0 _aRamayana balakanda
260 _c1992
650 _aSANSKRIT LITERATURE
942 _hO15,1A1, 35N2.1-.4
_cTEXL
_2CC
999 _c460817
_d460817